000 00729nam a2200265Ia 4500
001 2715
005 20240113233551.0
007 ta
008 050301s g b000 u hin u
040 _aCotton College,Assam
041 _ahin
082 _a891.43
_bOj 1 Si
100 _aOjha, Dasarath .
245 0 _aSamiksha Sastra: Bharatiya Tatha Pachayita /
_cDasarath Ojha.
_hTextual Documents
250 _a1st ed. /
260 _aDelhi :
_bRajpal and Sons ,
_cNd.
300 _a165p. ;
_c21cm..
500 _aInf. of year & edition is not available
653 _aHindi literature-Criticism
653 _aGen-Hindi
942 _2ddc
_cBK
999 _c2708
_d2708